[Event "Xtracon Chess Open 2017"]
[Site "Helsingor DEN"]
[Date "2017.07.22"]
[Round "1.29"]
[White "Gula, Julian"]
[Black "Sonis, Francesco"]
[Result "0-1"]
[BlackTitle "IM"]
[WhiteElo "1869"]
[BlackElo "2440"]
[WhiteFideId "12954799"]
[BlackFideId "895733"]
[EventDate "2017.07.22"]

1. e4 c5 2. Nc3 d6 3. Nge2 Nf6 4. d4 cxd4 5. Nxd4 a6 6. Bc4 e6 7. Qe2 Nc6 8. Be3
Qc7 9. O-O Be7 10. a4 O-O 11. Nxc6 bxc6 12. a5 c5 13. f3 Bb7 14. Rfd1 Rfd8 15.
Bf4 Nh5 16. Be3 Nf6 17. Bf4 Nd7 18. Qe1 Nb8 19. Na4 Nc6 20. Nb6 Rab8 21. Bf1 Nd4
22. Bd3 Bc6 23. Ra3 Bf6 24. c3 Nb5 25. Raa1 Be8 26. Qe3 Nd4 27. Ra3 Nc6 28. Nc4
Ne5 29. Nb6 c4 30. Be2 Bb5 31. Raa1 Nc6 32. Bxc4 Nxa5 33. Bxb5 axb5 34. Rxa5
Rxb6 35. Qd3 b4 36. Rc1 bxc3 37. bxc3 Rb2 38. Ra6 Be5 39. Bxe5 dxe5 40. Qe3 h6
41. Ra7 Qd6 42. Kh1 Qb8 43. Qc5 Qb3 44. Raa1 Rdd2 45. Rg1 Qc2 46. Ra8+ Kh7 47.
Qf8 Rxg2 48. Qg8+ Kg6 49. Raa1 Rg5 50. Rxg5+ hxg5 0-1

[Event "Xtracon Chess Open 2017"]
[Site "Helsingor DEN"]
[Date "2017.07.22"]
[Round "1.31"]
[White "Nielsen, Aage Sondergaard"]
[Black "Ikeda, Junta"]
[Result "0-1"]
[BlackTitle "IM"]
[WhiteElo "1861"]
[BlackElo "2427"]
[WhiteFideId "1409859"]
[BlackFideId "3204731"]
[EventDate "2017.07.22"]

1. e4 c5 2. Nc3 e6 3. Nf3 a6 4. d4 cxd4 5. Nxd4 Qc7 6. Bd3 Nf6 7. O-O Nc6 8.
Nxc6 dxc6 9. Be3 e5 10. f3 Be6 11. Qe2 Nd7 12. Qf2 Be7 13. a4 a5 14. b3 O-O 15.
Kh1 b6 16. Be2 Bb4 17. Na2 Bd6 18. Nc3 Bb4 19. Na2 Bc5 20. Nc3 Bxe3 21. Qxe3 Nc5
22. Rad1 Rad8 23. Rxd8 Rxd8 24. Rd1 Rxd1+ 25. Nxd1 h6 26. Kg1 f5 27. Bd3 f4 28.
Qe2 Qd6 29. Nf2 Qd4 30. Kf1 Kf8 31. Qd1 Ke7 32. Be2 Qc3 33. Qb1 g5 34. h3 h5 35.
Bd3 Nxd3 36. Nxd3 b5 37. Qb2 Qxb2 38. Nxb2 Kd6 39. Ke2 Kc5 40. Nd3+ Kd6 41. Nb2
Kc5 42. Nd3+ Kd4 43. Kd2 b4 44. Nc1 Bc8 45. Ne2+ Kc5 46. g4 h4 47. c4 bxc3+ 48.
Kxc3 Ba6 49. Nc1 Bf1 50. Nd3+ Bxd3 51. Kxd3 Kb4 52. Kc2 c5 53. Kb2 c4 54. bxc4
Kxc4 55. Ka2 Kb4 56. Kb2 Kxa4 57. Kc3 Kb5 58. Kb3 Kc5 0-1

[Event "Xtracon Chess Open 2017"]
[Site "Helsingor DEN"]
[Date "2017.07.22"]
[Round "1.32"]
[White "Jepson, Christian"]
[Black "Larsen, Preben R."]
[Result "1-0"]
[WhiteTitle "IM"]
[WhiteElo "2421"]
[BlackElo "1860"]
[WhiteFideId "1701185"]
[BlackFideId "1425790"]
[EventDate "2017.07.22"]

1. Nf3 Nf6 2. g3 e6 3. Bg2 d5 4. O-O Be7 5. c4 c6 6. b3 O-O 7. Bb2 h6 8. d3 Nbd7
9. Nbd2 b6 10. Rc1 Bb7 11. Rc2 Ne8 12. e4 dxc4 13. dxc4 c5 14. Qe2 Qc7 15. e5
Nb8 16. Ne4 Nc6 17. Rd2 Rd8 18. Rfd1 Rxd2 19. Rxd2 Qc8 20. Qe3 Nb8 21. Ne1 Bxe4
22. Qxe4 Nc7 23. Bf1 g6 24. h4 Kg7 25. h5 g5 26. Bd3 Rh8 27. f4 gxf4 28. gxf4
Kf8 29. Rg2 Ne8 30. Qf3 Rg8 31. Rxg8+ Kxg8 32. Qe4 f5 33. exf6 Nxf6 34. Qg6+ 1-0

[Event "Xtracon Chess Open 2017"]
[Site "Helsingor DEN"]
[Date "2017.07.22"]
[Round "1.33"]
[White "Andersen, Daniel"]
[Black "Zude, Erik"]
[Result "0-1"]
[WhiteTitle "FM"]
[BlackTitle "IM"]
[WhiteElo "1856"]
[BlackElo "2421"]
[WhiteFideId "1402714"]
[BlackFideId "4604644"]
[EventDate "2017.07.22"]

1. c4 e5 2. Nc3 d6 3. d4 Nd7 4. e4 Ngf6 5. f3 exd4 6. Qxd4 c6 7. Bf4 Qb6 8. Qd2
Nc5 9. O-O-O Be6 10. g4 O-O-O 11. g5 Nfd7 12. Be3 Be7 13. f4 g6 14. Nf3 Qb4 15.
Qd4 Nb6 16. Nd2 Nba4 17. Nxa4 Qxa4 18. a3 Bg4 19. Re1 Rhe8 20. Bg2 Bf8 21. Rhf1
Kb8 22. h3 Bh5 23. Kb1 Ne6 24. Qd3 Bg7 25. Nb3 Nc5 26. Nxc5 dxc5 27. Qc2 Qxc2+
28. Kxc2 Bd4 29. Bd2 Rd7 30. b4 Bb2 31. Be3 Bxa3 32. bxc5 Red8 33. Bf3 Bb4 34.
Re2 Bxf3 35. Rxf3 Rd3 36. f5 Kc8 37. fxg6 fxg6 38. Rf7 R3d7 39. Rf6 Re7 40. Bf4
Bxc5 41. e5 a5 42. e6 b6 43. Rd2 Rde8 44. Bd6 Bxd6 45. Rxd6 Kc7 0-1

[Event "Xtracon Chess Open 2017"]
[Site "Helsingor DEN"]
[Date "2017.07.22"]
[Round "1.34"]
[White "Lindgren, Philip"]
[Black "Kalveus, Jan"]
[Result "1-0"]
[WhiteTitle "IM"]
[WhiteElo "2420"]
[BlackElo "1856"]
[WhiteFideId "1713230"]
[BlackFideId "1721682"]
[EventDate "2017.07.22"]

1. d4 Nf6 2. c4 e6 3. g3 c6 4. Bg2 d5 5. Qc2 Nbd7 6. Nf3 Ne4 7. O-O f5 8. Nc3
Nxc3 9. bxc3 Be7 10. cxd5 cxd5 11. c4 Nf6 12. Ne5 O-O 13. Rb1 Ne4 14. Be3 Qc7
15. Rfc1 Bd6 16. cxd5 Qxc2 17. Rxc2 exd5 18. Rb5 Be6 19. Rxb7 Rfb8 20. Rxb8+
Rxb8 21. Nd3 Rb1+ 22. Bf1 Bd7 23. f3 Nf6 24. Kf2 Kf7 25. Bf4 Bxf4 26. Nxf4 a5
27. e3 a4 28. Nd3 a3 29. Rc3 Ke7 30. Rxa3 Bb5 31. Rb3 1-0

[Event "Xtracon Chess Open 2017"]
[Site "Helsingor DEN"]
[Date "2017.07.22"]
[Round "1.35"]
[White "Andersen, Dag"]
[Black "Haria, Ravi"]
[Result "0-1"]
[BlackTitle "FM"]
[WhiteElo "1855"]
[BlackElo "2417"]
[WhiteFideId "1504568"]
[BlackFideId "415820"]
[EventDate "2017.07.22"]

1. d4 e6 2. c4 b6 3. Nf3 Bb7 4. g3 f5 5. Bg2 Nf6 6. Nc3 Bb4 7. O-O O-O 8. Bd2
Qe7 9. a3 Bxc3 10. Bxc3 Be4 11. b4 b5 12. cxb5 d6 13. Nd2 Bxg2 14. Kxg2 Nbd7 15.
Qb3 Nb6 16. a4 Nbd5 17. Bb2 Rab8 18. Nc4 Qf7 19. Na5 Ne4 20. Rad1 f4 21. Nc6
Rbe8 22. Rd3 Qh5 23. Qd1 Rf6 24. h4 Ref8 25. Rf3 fxg3 26. Rxf6 Rxf6 0-1

[Event "Xtracon Chess Open 2017"]
[Site "Helsingor DEN"]
[Date "2017.07.22"]
[Round "1.36"]
[White "Das, Arghyadip"]
[Black "Fossan, Benjamin"]
[Result "1-0"]
[WhiteTitle "IM"]
[WhiteElo "2416"]
[BlackElo "1855"]
[WhiteFideId "5003610"]
[BlackFideId "1518100"]
[EventDate "2017.07.22"]

1. e4 c5 2. Nc3 Nc6 3. Bb5 Nd4 4. Nf3 Nxb5 5. Nxb5 d5 6. exd5 a6 7. Nc3 Nf6 8.
d4 c4 9. Ne5 b5 10. a4 b4 11. Ne2 Qc7 12. Bf4 Nxd5 13. Bg3 Qa7 14. Nxc4 g6 15.
Be5 f6 16. Bg3 Bh6 17. O-O O-O 18. Nc1 Bf5 19. Nb3 Rac8 20. Qe2 Nb6 21. Nc5 Rfd8
22. a5 Nd5 23. Nb6 Rc6 24. Nxd5 Rxd5 25. Qf3 e6 26. Rfe1 Qa8 27. c3 Qc8 28. Bf4
Bf8 29. g4 Rdxc5 30. dxc5 e5 31. gxf5 exf4 32. fxg6 Rxc5 33. gxh7+ Kh8 34. cxb4
Rg5+ 35. Kh1 Qf5 36. Re8 Qxh7 37. Rxf8+ Kg7 38. Qb7+ Kg6 39. Rxf6+ 1-0

[Event "Xtracon Chess Open 2017"]
[Site "Helsingor DEN"]
[Date "2017.07.22"]
[Round "1.37"]
[White "Hansen, Verner"]
[Black "Getz, Nicolai"]
[Result "0-1"]
[BlackTitle "IM"]
[WhiteElo "1855"]
[BlackElo "2415"]
[WhiteFideId "1425285"]
[BlackFideId "1505572"]
[EventDate "2017.07.22"]

1. e4 e5 2. Nf3 Nc6 3. Bc4 Bc5 4. c3 Nf6 5. d3 O-O 6. Bg5 h6 7. Bh4 Be7 8. Bg3
d6 9. O-O Bg4 10. h3 Bh5 11. Re1 Na5 12. Bb5 c5 13. Nbd2 Qb6 14. Qa4 a6 15. Bc4
Qc7 16. Qd1 b5 17. Bb3 c4 18. dxc4 Nxc4 19. Qc2 g5 20. Qd3 Nxb2 21. Qe3 Nc4 22.
Bxc4 bxc4 23. h4 g4 24. Nh2 Kh7 25. f4 d5 26. Qe2 exf4 27. e5 fxg3 28. Nhf1 Bc5+
29. Kh1 Bf2 30. exf6 Rae8 31. Qxe8 Rxe8 32. Rxe8 Qd6 33. Rb1 Qxf6 34. Rbb8 Qxh4+ 0-1

[Event "Xtracon Chess Open 2017"]
[Site "Helsingor DEN"]
[Date "2017.07.22"]
[Round "1.38"]
[White "Colpe, Malte"]
[Black "Stam, Bart"]
[Result "1-0"]
[WhiteElo "2412"]
[BlackElo "1854"]
[WhiteFideId "24623075"]
[BlackFideId "1006240"]
[EventDate "2017.07.22"]

1. d4 Nf6 2. c4 e6 3. Nf3 c5 4. d5 b5 5. Bf4 exd5 6. cxd5 d6 7. e4 a6 8. Nbd2
Be7 9. a4 bxa4 10. Qxa4+ Bd7 11. Qb3 Ra7 12. e5 Nh5 13. Be3 Qc8 14. Nc4 Rb7 15.
Qc3 O-O 16. Be2 f5 17. Nxd6 Bxd6 18. exd6 Re8 19. Ne5 Nf6 20. Bf3 Bb5 21. g3 Ne4
22. Bxe4 fxe4 23. Nc4 Qf5 24. O-O-O Nd7 25. g4 Qg6 26. Na5 Rb6 27. Bxc5 Rc8 28.
b4 Rxd6 29. Nc6 Qg5+ 30. Be3 Qh4 31. Ne7+ 1-0

[Event "Xtracon Chess Open 2017"]
[Site "Helsingor DEN"]
[Date "2017.07.22"]
[Round "1.39"]
[White "Stokhaug, Jon Arne"]
[Black "Sukandar, Irine Kharisma"]
[Result "0-1"]
[BlackTitle "IM"]
[WhiteElo "1847"]
[BlackElo "2409"]
[WhiteFideId "1506781"]
[BlackFideId "7101937"]
[EventDate "2017.07.22"]

1. Nf3 d5 2. d4 e6 3. c4 c6 4. Nc3 Nf6 5. e3 Nbd7 6. Bd3 Bd6 7. O-O O-O 8. cxd5
exd5 9. Qc2 Re8 10. Rb1 a5 11. Bd2 Nf8 12. h3 Bd7 13. a3 Qc8 14. Rfe1 Bxh3 15.
gxh3 Qxh3 16. Qd1 Ng4 17. Bf1 Bh2+ 18. Kh1 Nxf2# 0-1

[Event "Xtracon Chess Open 2017"]
[Site "Helsingor DEN"]
[Date "2017.07.22"]
[Round "1.40"]
[White "Kaasen, Tor Fredrik"]
[Black "Tenold, Andreas"]
[Result "1-0"]
[WhiteTitle "FM"]
[WhiteElo "2409"]
[BlackElo "1845"]
[WhiteFideId "1516647"]
[BlackFideId "1525840"]
[EventDate "2017.07.22"]

1. d4 Nf6 2. Nf3 g6 3. c4 Bg7 4. Nc3 O-O 5. e4 d6 6. Be2 c6 7. O-O Nbd7 8. Be3
a6 9. Qc2 b5 10. a3 Rb8 11. Rfd1 bxc4 12. Bxc4 Nb6 13. Be2 Qc7 14. Rac1 Bb7 15.
b4 d5 16. e5 Ng4 17. Bf4 e6 18. Qd2 Rbc8 19. h3 Nxf2 20. Kxf2 Qd7 21. Kg1 f6 22.
exf6 Rxf6 23. Ne5 1-0

[Event "Xtracon Chess Open 2017"]
[Site "Helsingor DEN"]
[Date "2017.07.22"]
[Round "1.41"]
[White "Trost, Martin"]
[Black "Holm, Kristian Stuvik"]
[Result "0-1"]
[BlackTitle "IM"]
[WhiteElo "1844"]
[BlackElo "2403"]
[WhiteFideId "1710737"]
[BlackFideId "1508083"]
[EventDate "2017.07.22"]

1. e4 c5 2. Nc3 a6 3. Nf3 e6 4. g3 b5 5. Bg2 Bb7 6. d3 Be7 7. O-O d6 8. Re1 Nd7
9. Bf4 b4 10. Ne2 Ngf6 11. c3 a5 12. h3 O-O 13. g4 c4 14. Ng3 bxc3 15. dxc4 Nc5
16. Qc2 cxb2 17. Rab1 Ra6 18. Rxb2 Qa8 19. Nd2 Rc8 20. f3 Nfd7 21. Nb3 Na4 22.
Rbb1 Bh4 23. Kh2 Rac6 24. Nd2 Nab6 25. Qb2 Ba6 26. Bf1 Qa7 27. Be3 Qc7 28. Rec1
d5 29. f4 dxc4 30. Qc3 Na4 31. Qa3 Ndb6 32. Ne2 Be7 0-1

[Event "Xtracon Chess Open 2017"]
[Site "Helsingor DEN"]
[Date "2017.07.22"]
[Round "1.42"]
[White "Aabling-Thomsen, Jakob"]
[Black "Jarve, Edvin"]
[Result "1-0"]
[WhiteTitle "IM"]
[WhiteElo "2391"]
[BlackElo "1843"]
[WhiteFideId "1407589"]
[BlackFideId "1519824"]
[EventDate "2017.07.22"]

1. Nf3 Nf6 2. g3 d5 3. Bg2 c6 4. O-O Bf5 5. d3 e6 6. Nbd2 Be7 7. Qe1 O-O 8. e4
Bg6 9. Ne5 Bh5 10. f4 dxe4 11. dxe4 Nbd7 12. Nd3 Nc5 13. Nf2 h6 14. h3 Bg6 15.
g4 Nfd7 16. f5 exf5 17. exf5 Bh7 18. Nc4 Re8 19. Qd1 Nb6 20. Qxd8 Raxd8 21. Na5
Bf6 22. c3 Nd5 23. Bd2 Re2 24. Rad1 Ne3 25. Bxe3 Rxe3 26. Nc4 Rxd1 27. Rxd1 Re8
28. Nd6 Rd8 29. Re1 g6 30. Nde4 Nxe4 31. Nxe4 Bh4 32. Rf1 gxf5 33. gxf5 Kg7 34.
f6+ Kf8 35. Nc5 Rd6 36. Nxb7 Rxf6 37. Rxf6 Bxf6 38. Bxc6 Ke7 39. Kf2 Bf5 40. Bg2
Be6 41. a4 Kd7 42. Nc5+ Kc7 43. a5 Bc8 44. Ke3 Bf5 45. Na6+ Kd6 46. Nb4 Bd7 47.
Kd3 Kc5 48. Nd5 Bf5+ 49. Be4 Bxe4+ 50. Kxe4 Bd8 51. b3 Kb5 52. Ke5 Bxa5 53. c4+
Kc6 54. Kf6 Bd2 55. Kxf7 a5 56. Ke6 Kc5 57. Kd7 a4 58. bxa4 Kxc4 59. Kc6 Kd4 60.
Kd6 Ke4 61. Ke6 Kf3 62. Nf6 Ba5 63. h4 Kg3 64. h5 Kh4 65. Kf5 Bb4 66. Kg6 Bd2
67. Ne4 Be3 68. a5 Kg4 69. Nf6+ Kf3 70. a6 Ke2 71. Ng4 Bd4 72. Nxh6 Kd3 73. Nf5
Bb6 74. h6 1-0

[Event "Xtracon Chess Open 2017"]
[Site "Helsingor DEN"]
[Date "2017.07.22"]
[Round "1.43"]
[White "Hansen, Ib Lynaes"]
[Black "Miedema, David"]
[Result "0-1"]
[BlackTitle "IM"]
[WhiteElo "1839"]
[BlackElo "2373"]
[WhiteFideId "1407511"]
[BlackFideId "1018477"]
[EventDate "2017.07.22"]

1. e4 e6 2. d4 d5 3. Nd2 Nf6 4. e5 Nfd7 5. Ngf3 c5 6. c3 Nc6 7. Bb5 Qb6 8. Bxc6
bxc6 9. O-O Be7 10. Re1 g5 11. Nf1 g4 12. dxc5 Nxc5 13. Nd4 h5 14. Be3 Qc7 15.
b4 Ne4 16. Qc2 Bd7 17. Rac1 Qxe5 18. Nxc6 Bxc6 19. Bd4 Qg5 20. Bxh8 f6 21. c4
Bb7 22. c5 Bc6 23. Rb1 Bb5 24. a4 Bxf1 25. Rxf1 Kf7 26. Bxf6 Bxf6 27. b5 Kg8 28.
b6 Be5 29. c6 axb6 30. c7 Rc8 31. Rxb6 Rxc7 32. Rc6 Qf4 33. g3 Rxc6 34. Qxc6 Qf7
35. a5 Ng5 36. f4 gxf3 37. Rc1 f2+ 38. Kf1 Nf3 39. Qc8+ Kh7 40. Qc2+ Kg7 41.
Qxf2 Bd4 42. Qe2 Ng1+ 0-1

[Event "Xtracon Chess Open 2017"]
[Site "Helsingor DEN"]
[Date "2017.07.22"]
[Round "1.44"]
[White "Haldorsen, Benjamin"]
[Black "Lodahl, Holger Ronnow"]
[Result "1-0"]
[WhiteTitle "FM"]
[WhiteElo "2370"]
[BlackElo "1838"]
[WhiteFideId "1512633"]
[BlackFideId "1427342"]
[EventDate "2017.07.22"]

1. e4 c5 2. Nf3 d6 3. d4 cxd4 4. Nxd4 Nf6 5. Nc3 a6 6. Be3 e5 7. Nb3 Be6 8. f3
Be7 9. Qd2 O-O 10. O-O-O a5 11. Bb5 Nbd7 12. Qf2 Qc7 13. g4 Nc5 14. Nxc5 dxc5
15. g5 Nh5 16. Nd5 Bxd5 17. Rxd5 Rfd8 18. Rxd8+ Rxd8 19. h4 g6 20. a4 Bf8 21.
Rd1 Rxd1+ 22. Kxd1 b6 23. b3 Ng7 24. Bc4 Qd6+ 25. Kc1 Ne8 26. f4 exf4 27. Bxf4
Qe7 28. Be5 Bg7 29. Bxg7 Kxg7 30. e5 Nc7 31. Qf6+ Qxf6 32. gxf6+ Kf8 33. h5 gxh5
34. Kd2 Ne8 35. Ke3 Ng7 36. fxg7+ Kxg7 37. Kf4 Kg6 38. Bd3+ Kg7 39. Kg5 h4 40.
Kxh4 f6 41. e6 1-0

[Event "Xtracon Chess Open 2017"]
[Site "Helsingor DEN"]
[Date "2017.07.22"]
[Round "1.45"]
[White "Rasmussen, Morten1"]
[Black "Rosen, Eric S"]
[Result "0-1"]
[BlackTitle "IM"]
[WhiteElo "1838"]
[BlackElo "2369"]
[WhiteFideId "1410865"]
[BlackFideId "2032562"]
[EventDate "2017.07.22"]

1. d4 Nf6 2. c4 e6 3. Nc3 Bb4 4. e3 O-O 5. Ne2 d5 6. a3 Be7 7. Ng3 Re8 8. Bd3
Nbd7 9. cxd5 exd5 10. O-O c6 11. Qc2 Bd6 12. b4 a6 13. Rb1 Nf8 14. a4 Ng4 15.
Nce2 h5 16. h3 Nf6 17. b5 cxb5 18. axb5 a5 19. Nc3 h4 20. Nf5 Bxf5 21. Bxf5 Bb8
22. Ba3 Qc7 23. f4 Rxe3 24. Bb2 Qc4 25. Qd2 Ba7 26. Rfd1 Rae8 27. Rbc1 Qb4 28.
Ba1 Qd6 29. Rf1 Nh5 30. Nd1 Re2 31. Qxa5 Nxf4 32. Nf2 Bb8 0-1

[Event "Xtracon Chess Open 2017"]
[Site "Helsingor DEN"]
[Date "2017.07.22"]
[Round "1.46"]
[White "Haubro, Martin"]
[Black "Pankaj, Sindhu"]
[Result "1/2-1/2"]
[WhiteTitle "IM"]
[WhiteElo "2365"]
[BlackElo "1837"]
[WhiteFideId "1414291"]
[BlackFideId "46680357"]
[EventDate "2017.07.22"]

1. e4 e5 2. Nf3 Nc6 3. Bc4 Bc5 4. c3 Nf6 5. d3 O-O 6. O-O d5 7. exd5 Nxd5 8. h3
Nb6 9. Bb5 Bd6 10. d4 exd4 11. cxd4 Bf5 12. Nc3 a6 13. Be2 Qd7 14. Re1 Nb4 15.
Nh4 Bxh3 16. Bf3 Rae8 17. Be3 Nc4 18. Qb3 Nxe3 19. Rxe3 Rxe3 20. fxe3 Qe7 21.
gxh3 Qxe3+ 22. Kf1 Bg3 23. Ne4 Qxb3 24. axb3 Bxh4 25. Ra4 Nc2 26. Nc3 b5 27.
Rxa6 Nxd4 28. Bc6 g6 29. b4 Rd8 30. Nxb5 Nxb5 31. Bxb5 Rb8 32. Bc4 Rxb4 33. Ra8+
Kg7 34. b3 Rb6 35. Ke2 Rf6 36. Rc8 Bg3 37. Rd8 Rf2+ 38. Ke3 Rf6 39. b4 Rf4 40.
Kd3 Rf3+ 41. Ke4 Rf4+ 42. Kd3 Bh2 43. b5 Rf3+ 44. Ke2 Rf6 45. Rc8 h5 46. Bd5 Bd6
47. Rd8 Bc5 48. Rc8 Bb6 49. Re8 Rd6 50. Bb3 Rd4 51. Re7 Rf4 52. Bd5 g5 53. Re5
Kf6 54. Re8 Rf2+ 55. Ke1 Rf5 56. Bc4 Rc5 57. Be2 g4 58. hxg4 hxg4 59. Re4 g3 60.
Kf1 Rg5 61. Kg2 Kg6 62. Rg4 1/2-1/2

[Event "Xtracon Chess Open 2017"]
[Site "Helsingor DEN"]
[Date "2017.07.22"]
[Round "1.47"]
[White "Kyrkjebo, Marte B."]
[Black "Hoi, Carsten"]
[Result "0-1"]
[BlackTitle "GM"]
[WhiteElo "1833"]
[BlackElo "2356"]
[WhiteFideId "1511602"]
[BlackFideId "1400100"]
[EventDate "2017.07.22"]

1. e4 g6 2. d4 Bg7 3. Nc3 d6 4. Be3 c6 5. Qd2 b5 6. O-O-O Nd7 7. Kb1 Nb6 8. Bd3
Rb8 9. Qe1 Nf6 10. f3 Qc7 11. h4 b4 12. Nce2 a5 13. g4 h5 14. g5 Nfd7 15. f4 c5
16. dxc5 Nxc5 17. Bd4 e5 18. fxe5 dxe5 19. Be3 O-O 20. Ng3 Be6 21. Qf2 Nba4 22.
N1e2 Rfc8 23. Rc1 Qd7 24. Rhd1 Nxb2 25. Kxb2 Qa4 26. Ra1 Nxd3+ 27. cxd3 Qc2# 0-1

[Event "Xtracon Chess Open 2017"]
[Site "Helsingor DEN"]
[Date "2017.07.22"]
[Round "1.48"]
[White "Matthiesen, Martin"]
[Black "Satre, Roger"]
[Result "1/2-1/2"]
[WhiteTitle "FM"]
[WhiteElo "2349"]
[BlackElo "1832"]
[WhiteFideId "1404067"]
[BlackFideId "1510320"]
[EventDate "2017.07.22"]

1. d4 Nf6 2. c4 e5 3. dxe5 Ng4 4. Bf4 Nc6 5. Nf3 Bb4+ 6. Nbd2 Qe7 7. a3 Ncxe5 8.
Nxe5 Nxe5 9. e3 Bd6 10. Be2 Nd3+ 11. Bxd3 Bxf4 12. O-O Be5 13. Qc2 g6 14. Rae1
O-O 15. f4 Bg7 16. f5 d6 17. Rf3 Qe5 18. b3 Qc3 19. Ref1 Qxc2 20. Bxc2 Bd7 21.
f6 Bh6 22. Nb1 Rfe8 23. Kf2 Re5 24. Nc3 Rae8 25. e4 Bg5 26. Kg1 Bc6 27. b4 a6
28. Nd5 Bxd5 29. cxd5 c6 30. dxc6 bxc6 31. Rc3 c5 32. bxc5 Rxc5 33. Rxc5 dxc5
34. Bd3 Re6 35. e5 Rxe5 36. Bxa6 Re6 37. Bc4 Rxf6 38. Rxf6 Bxf6 39. Kf2 Kf8 40.
Ke3 Bb2 41. a4 f5 42. a5 Be5 43. a6 Bb8 44. Kd3 Ke7 45. Bg8 h5 46. h4 f4 47. Kc4
Kf6 48. Kb5 c4 49. Bxc4 g5 50. Kb6 Be5 51. Kb7 Bd4 52. hxg5+ Kxg5 53. a7 1/2-1/2

[Event "Xtracon Chess Open 2017"]
[Site "Helsingor DEN"]
[Date "2017.07.22"]
[Round "1.49"]
[White "Dishman, Matthew"]
[Black "Rietze, Clemens"]
[Result "0-1"]
[BlackTitle "FM"]
[WhiteElo "1824"]
[BlackElo "2343"]
[WhiteFideId "438642"]
[BlackFideId "24620351"]
[EventDate "2017.07.22"]

1. e4 c5 2. Nf3 e6 3. b3 a6 4. Bb2 d6 5. Qe2 b6 6. g3 Bb7 7. Bg2 Nf6 8. d3 Nbd7
9. O-O Qc7 10. Nbd2 Be7 11. Rfe1 e5 12. Nc4 O-O 13. Ne3 g6 14. h4 Rfe8 15. Nh2
Bf8 16. Bf3 Bg7 17. Bc1 Nf8 18. Neg4 Nxg4 19. Bxg4 f5 20. exf5 e4 21. Bf4 Bxa1
22. Rxa1 Qc6 23. Qf1 gxf5 24. Bxf5 exd3 25. f3 dxc2 26. Bxc2 d5 27. Qd3 Qg6 28.
Qd2 Qg7 29. Rd1 Ne6 30. Kf1 Nxf4 31. Qxf4 Rf8 32. Qd6 Rf6 33. Qe5 Raf8 34. Kg2
Bc6 35. Rf1 Re8 36. Qc3 Rfe6 37. Qd3 Bb5 38. Qxd5 Bxf1+ 39. Nxf1 Qe5 40. Be4 b5
41. Ne3 Kh8 42. Qb7 Qb2+ 43. Kh3 Qg7 44. Qd5 Re5 45. Qd6 Qe7 46. Qxa6 Qe6+ 47.
Qxe6 R8xe6 48. Ng4 Rxe4 49. fxe4 Rxe4 50. Nf2 Re2 51. Nd1 b4 52. Kg4 Rxa2 53.
Kf4 Ra3 54. Ke4 Rxb3 55. Ne3 Rc3 56. g4 b3 57. Nd1 Rc1 58. Nb2 Rc2 0-1

[Event "Xtracon Chess Open 2017"]
[Site "Helsingor DEN"]
[Date "2017.07.22"]
[Round "1.50"]
[White "Petersen, Tom Petri"]
[Black "Rasmussen, Henrik"]
[Result "1-0"]
[WhiteTitle "FM"]
[WhiteElo "2338"]
[BlackElo "1822"]
[WhiteFideId "1403486"]
[BlackFideId "1437011"]
[EventDate "2017.07.22"]

1. Nf3 Nf6 2. g3 c5 3. Bg2 Nc6 4. O-O g6 5. c4 Bg7 6. Nc3 O-O 7. d4 cxd4 8. Nxd4
Nxd4 9. Qxd4 d6 10. Qd2 Rb8 11. b3 Bd7 12. Bb2 Qc8 13. Qe3 Qc5 14. Qxc5 dxc5 15.
Rfd1 b5 16. cxb5 Bxb5 17. Nxb5 Rxb5 18. Rac1 e6 19. Rc4 Rc8 20. Bc3 Rbb8 21. Ra4
Rd8 22. Rxd8+ Rxd8 23. Bc6 Nd5 24. Bxg7 Kxg7 25. Rxa7 Nb4 26. Bb5 Rd2 27. a4 Nd5
28. Bc4 Kf6 29. a5 1-0

[Event "Xtracon Chess Open 2017"]
[Site "Helsingor DEN"]
[Date "2017.07.22"]
[Round "1.51"]
[White "Amin, Idris"]
[Black "Papp, Petra"]
[Result "0-1"]
[BlackTitle "WGM"]
[WhiteElo "1819"]
[BlackElo "2337"]
[WhiteFideId "1746022"]
[BlackFideId "739049"]
[EventDate "2017.07.22"]

1. e4 c5 2. Nf3 d6 3. d4 cxd4 4. Nxd4 Nf6 5. Nc3 a6 6. h3 e6 7. g4 Nfd7 8. g5
Be7 9. h4 b5 10. Qg4 Ne5 11. Qg3 b4 12. Nd1 Bb7 13. f4 Nec6 14. Be3 O-O 15. Nf3
d5 16. Bd3 dxe4 17. Bxe4 Nd7 18. Qf2 Qa5 19. Nd4 Nxd4 20. Bxb7 b3+ 21. Nc3 Nxc2+
22. Ke2 Rab8 23. Bc6 Nxa1 24. Bxd7 bxa2 25. Na4 Nb3 26. Bb6 Qd2+ 27. Kf3 Qxd7 0-1

[Event "Xtracon Chess Open 2017"]
[Site "Helsingor DEN"]
[Date "2017.07.22"]
[Round "1.52"]
[White "Kramer, Julian"]
[Black "Hansen, Simon L."]
[Result "1-0"]
[WhiteTitle "FM"]
[WhiteElo "2333"]
[BlackElo "1819"]
[WhiteFideId "12921742"]
[BlackFideId "1446894"]
[EventDate "2017.07.22"]

1. e4 c5 2. Nf3 d6 3. d4 cxd4 4. Nxd4 Nf6 5. Nc3 g6 6. Be3 Bg7 7. f3 O-O 8. Qd2
Nc6 9. O-O-O Bd7 10. Kb1 Rb8 11. g4 Nxd4 12. Bxd4 b5 13. e5 b4 14. exf6 bxc3 15.
Bxc3 Bxf6 16. Bxf6 exf6 17. Qxd6 Be6 18. Qxd8 Rfxd8 19. Be2 Rdc8 20. b3 a5 21.
Rd4 Rc3 22. Bd3 Rbc8 23. Kb2 f5 24. gxf5 Bxf5 25. Bxf5 gxf5 26. Rd8+ Kg7 27.
Rxc8 Rxc8 28. Re1 Rc5 29. c4 Kg6 30. f4 Kh5 31. Rg1 Kh4 32. Rg2 Kh3 33. Rf2 Rc7
34. Kc3 Kg4 35. Kd4 Re7 36. c5 Re4+ 37. Kd5 Rxf4 38. Rxf4+ Kxf4 39. c6 Ke3 40.
c7 1-0

[Event "Xtracon Chess Open 2017"]
[Site "Helsingor DEN"]
[Date "2017.07.22"]
[Round "1.53"]
[White "Kvaloy, Aksel Bu"]
[Black "Dauth, Benjamin"]
[Result "1-0"]
[BlackTitle "FM"]
[WhiteElo "1818"]
[BlackElo "2332"]
[WhiteFideId "1528815"]
[BlackFideId "4688104"]
[EventDate "2017.07.22"]

1. e4 e5 2. Nf3 Nc6 3. d4 exd4 4. Bc4 Nf6 5. Ng5 d5 6. exd5 Na5 7. Qxd4 Nxc4 8.
Qxc4 Qxd5 9. Qe2+ Be6 10. Nxe6 fxe6 11. O-O Bd6 12. Re1 Kf7 13. Nc3 Qf5 14. Nb5
Rhe8 15. Nd4 Qd5 16. Be3 a6 17. Rad1 Qxa2 18. Bg5 Qd5 19. Bxf6 Kxf6 20. c4 Qe5
21. Qf3+ Qf4 22. Qh3 Kf7 23. c5 Bxc5 24. Qh5+ Kg8 25. Qxc5 Rad8 26. g3 Qd6 27.
Qc4 b5 28. Qa2 Qd5 29. Qxa6 Rd6 30. Qxb5 Red8 31. Qe2 Qa2 32. Nb5 Rxd1 33. Rxd1
Rxd1+ 34. Qxd1 Qxb2 35. Nxc7 Qe5 36. Qd8+ Kf7 37. Qd7+ Kf6 38. Ne8+ Kg6 39. Nd6
h5 40. Qf7+ Kh7 41. Qf4 Qa1+ 42. Kg2 Qa2 43. Qf3 Kg6 44. Qf7+ Kh6 45. Nf5+ 1-0